000 01236nam a22003017a 4500
001 4812
003 FISKH
005 20241016110618.0
008 241016b cb ||||| |||| 00| 0 eng d
020 _a9780194791120
040 _aFISKH
_beng
_cFISKH
_dFISKH
050 _aPE1126.A4
082 _a428
100 _aVicary, Tim
245 _aChemical Secret /
_cby Tim Vicary
250 _aFirst published in Oxford Bookworms 1991
260 _aNew York :
_bOxford University Press ;
_c2008 .
300 _a72 pages :
_billustrations ;
_c21 cm .
490 _aOxford Bookworms
_v3
505 _aM
520 _aThe job was too good. There had to be a problem - and there was. John Duncan was an honest man, but he needed money. He had children to look after. He was ready to do anything, and his bosses knew it. They gave him the job because he couldn't say no; he couldn't afford to be honest. And the job was like a poison inside him. It changed him and blinded him, so that he couldn't see the real poison - until it was too late.
521 8 _a550
_bLexile
521 8 _aM
_bRaz-Plus
650 _arisks
_vfiction
700 _aKoelle, Chris
_eillustrator
942 _2ddc
_cBK
_n0
999 _c4812
_d4812